An Introduction to economics : for students in India and Pakistan

Bibliographic Details
Main Author: Anstey, Vera
Other Authors: Martin, Anne
Format: Book
Published: London : George Allen & Unwin , 1964
Subjects:

MARC

LEADER 00000cam a2200000 7i4500
001 0000009440
005 20220218.0
040 |a INS 
090 0 0 |a HB171.5   |b A57 1964 
100 1 |a Anstey, Vera 
245 1 3 |a An Introduction to economics :   |b for students in India and Pakistan   |c Vera Anstey, Anne Martin 
260 |a London :   |b George Allen & Unwin ,   |c 1964 
300 |a 224p ;   |c 22cm. 
650 0 0 |a Economics 
700 1 |a Martin, Anne 
999 |a 0000023028   |b BOOK   |c Open Shelf   |e Default branch